El estudio del trabajo / (Registro nro. 6186)
[ vista simple ]
| 000 -LEADER | |
|---|---|
| fixed length control field | 01150nam a2200241Ia 4500 |
| 003 - CONTROL NUMBER IDENTIFIER | |
| control field | OSt |
| 005 - DATE AND TIME OF LATEST TRANSACTION | |
| control field | 20210104122342.0 |
| 008 - FIXED-LENGTH DATA ELEMENTS--GENERAL INFORMATION | |
| fixed length control field | 191128s1945 sp aodegr 000 0 spa d |
| 040 ## - CATALOGING SOURCE | |
| Original cataloging agency | CO-JMCR |
| Transcribing agency | CO-JMCR |
| 041 1# - LANGUAGE CODE | |
| Language code of text/sound track or separate title | spa |
| Language code of original | fre |
| 082 04 - DEWEY DECIMAL CLASSIFICATION NUMBER | |
| Classification number | 658.542 / |
| Item number | B952e |
| Edition number | 23 |
| 110 2# - MAIN ENTRY--CORPORATE NAME | |
| Corporate name or jurisdiction name as entry element | Bureau des temps elementaires |
| 9 (RLIN) | 12613 |
| 245 13 - TITLE STATEMENT | |
| Title | El estudio del trabajo / |
| Statement of responsibility, etc. | por el Bureu des temps Elementaires (B.T.E.) ; traducida por Juan Cardó Serra |
| 260 ## - PUBLICATION, DISTRIBUTION, ETC. | |
| Place of publication, distribution, etc. | Barcelona : |
| Name of publisher, distributor, etc. | Editorial Dirección y Productividad, |
| Date of publication, distribution, etc. | [1945] |
| 300 ## - PHYSICAL DESCRIPTION | |
| Extent | 434 páginas : |
| Other physical details | ilustraciones, fotografías, gráficos y planos a blanco y negro ; |
| Dimensions | 22 cm. |
| 504 ## - BIBLIOGRAPHY, ETC. NOTE | |
| Bibliography, etc. note | Bibliografía al final de algunos capítulos. |
| 505 0# - FORMATTED CONTENTS NOTE | |
| Formatted contents note | Fines y medios -- Simplificación y mejora de métodos -- Estudio de los movimientos -- Estudio de los tiempos -- Dos ejemplos característicos -- La preparación del trabajo: sus medios y su organización -- La preparación del trabajo: su aplicación práctica |
| 534 ## - ORIGINAL VERSION NOTE | |
| Introductory phrase | L´etude du traval |
| 546 ## - LANGUAGE NOTE | |
| Language note | Traducido del francés |
| 650 14 - SUBJECT ADDED ENTRY--TOPICAL TERM | |
| Topical term or geographic name entry element | Organización del trabajo |
| 9 (RLIN) | 12614 |
| 700 1# - ADDED ENTRY--PERSONAL NAME | |
| Personal name | Cardó Serra, Juan, |
| Relator term | traductor |
| 9 (RLIN) | 12615 |
| 942 ## - ADDED ENTRY ELEMENTS (KOHA) | |
| Source of classification or shelving scheme | Dewey Decimal Classification |
| Koha item type | Books |
| Withdrawn status | Lost status | Source of classification or shelving scheme | Damaged status | Not for loan | Collection code | Home library | Current library | Date acquired | Source of acquisition | Full call number | Barcode | Date last seen | Copy number | Koha item type |
|---|---|---|---|---|---|---|---|---|---|---|---|---|---|---|
| Dewey Decimal Classification | Non-fiction | Biblioteca Pública José María del Castillo y Rada | Biblioteca Pública José María del Castillo y Rada | 04/15/2018 | Donación | 658.542 / B952e | 430012136 | 05/16/2024 | Ej.1 | Books |